000 00444nam a22001817a 4500
003 MPLRDC
005 20220104113912.0
008 210129b ||||| |||| 00| 0 eng d
082 _a848.2 BXY-12
100 _a白先勇著
245 _a金大班的最后一夜
_c
250 _a初版
260 _a
_b远景出版事业公司
_c1985
300 _b
490 _a远景丛刊;265
650 _a现代别集
942 _cBK
_o848.2 BXY-12
999 _c3249
_d3239